[Event "FRA-ch Blitz Online Qual"]
[Site "Europe Echecs INT"]
[Date "2020.05.16"]
[Round "4"]
[White "Bressy, Theo"]
[Black "Dijoux, Julien"]
[Result "1-0"]
[WhiteElo "2289"]
[BlackElo "1862"]
[PlyCount "67"]
[EventDate "2020.05.16"]
[EventType "swiss (blitz)"]
[EventRounds "15"]
[EventCountry "FRA"]
[SourceTitle "CBM 196 Extra"]
[Source "ChessBase"]
[SourceDate "2020.07.31"]
[SourceVersion "1"]
[SourceVersionDate "2020.07.31"]
[SourceQuality "1"]

1. e4 e5 2. Nf3 Nc6 3. d4 exd4 4. Bc4 Be7 5. 0-0 d6 6. Nxd4 Nf6 7. Nxc6 bxc6 8. Nc3 0-0 9. Bf4 Be6 10. Bb3 Nd7 11. Qf3 Nc5 12. Rad1 Nxb3 13. axb3 Qc8 14. h3 Bf6 15. Qg3 Re8 16. Rfe1 Qb7 17. e5 dxe5 18. Bxe5 Bxe5 19. Qxe5 Rad8 20. Rxd8 Rxd8 21. Rd1 Rxd1+ 22. Nxd1 Qc8 23. Qc5 Qd7 24. Ne3 Qd2 25. Qxa7 h6 26. Qa8+ Kh7 27. Qxc6 Qc1+ 28. Kh2 Qxb2 29. Qxc7 Qd4 30. c3 Qd2 31. c4 Qxf2 32. Qe5 Qe1 33. Qe4+ g6 34. Qe5 1-0

[Event "FRA-ch Blitz Online Qual"]
[Site "Europe Echecs INT"]
[Date "2020.05.16"]
[Round "13"]
[White "Dijoux, Julien"]
[Black "Richard, Emma"]
[Result "0-1"]
[WhiteElo "1862"]
[BlackElo "2160"]
[PlyCount "68"]
[EventDate "2020.05.16"]
[EventType "swiss (blitz)"]
[EventRounds "15"]
[EventCountry "FRA"]
[SourceTitle "CBM 196 Extra"]
[Source "ChessBase"]
[SourceDate "2020.07.31"]
[SourceVersion "1"]
[SourceVersionDate "2020.07.31"]
[SourceQuality "1"]

1. d4 Nf6 2. Nf3 d6 3. g3 g6 4. Bg2 Bg7 5. 0-0 0-0 6. b3 c6 7. Bb2 Qc7 8. Nbd2 Nbd7 9. e4 e5 10. c3 Re8 11. Qc2 b6 12. a4 Bb7 13. Rfe1 Rad8 14. Rad1 Nf8 15. dxe5 dxe5 16. Nc4 N6d7 17. Nd6 Re6 18. Ba3 c5 19. Nxb7 Qxb7 20. Qd3 Ree8 21. Qb5 a6 22. Qc4 Ne6 23. Qd5 Qc8 24. Qc4 Qb8 25. Bc1 b5 26. axb5 axb5 27. Qe2 b4 28. c4 Nd4 29. Nxd4 cxd4 30. f4 Nc5 31. Qb2 exf4 32. Bxf4 Qb6 33. Rf1 d3 34. Rf2 Bxb2 0-1

[Event "FRA-ch Blitz Online Qual"]
[Site "Europe Echecs INT"]
[Date "2020.05.16"]
[Round "10"]
[White "Robert, Mathias"]
[Black "Dijoux, Julien"]
[Result "1-0"]
[WhiteElo "2140"]
[BlackElo "1862"]
[PlyCount "57"]
[EventDate "2020.05.16"]
[EventType "swiss (blitz)"]
[EventRounds "15"]
[EventCountry "FRA"]
[SourceTitle "CBM 196 Extra"]
[Source "ChessBase"]
[SourceDate "2020.07.31"]
[SourceVersion "1"]
[SourceVersionDate "2020.07.31"]
[SourceQuality "1"]

1. Nf3 Nf6 2. Nc3 d5 3. d4 e6 4. Bg5 Be7 5. e3 h6 6. Bh4 a6 7. Bd3 Nbd7 8. 0-0 0-0 9. Ne5 c5 10. f4 c4 11. Be2 Ne8 12. Bxe7 Qxe7 13. Qe1 Nd6 14. Qg3 Nf6 15. Bf3 Nf5 16. Qf2 Nd7 17. g4 Nh4 18. Bh1 Ng6 19. Nxg6 fxg6 20. Qg3 b5 21. Rae1 b4 22. Nxd5 Qd6 23. f5 Qxg3+ 24. hxg3 gxf5 25. gxf5 exd5 26. Bxd5+ Kh7 27. Bxa8 Nb6 28. Be4 Re8 29. Bg2 1-0

[Event "St Denis op 21st"]
[Site "St Denis"]
[Date "2019.10.20"]
[Round "6"]
[White "Dace, Jean Emeric"]
[Black "Dijoux, Julien"]
[Result "1/2-1/2"]
[WhiteElo "1654"]
[BlackElo "1891"]
[PlyCount "61"]
[EventDate "2019.10.20"]
[EventType "swiss"]
[EventRounds "9"]
[EventCountry "RUF"]
[SourceTitle "CBM 192 Extra"]
[Source "Chessbase"]
[SourceDate "2019.11.06"]
[SourceVersion "1"]
[SourceVersionDate "2019.11.06"]
[SourceQuality "1"]

1. Nf3 Nf6 2. g3 d5 3. b3 g6 4. Bb2 Bg7 5. Bg2 c5 6. d3 Nc6 7. Nbd2 Qc7 8. e4 d4 9. 0-0 e5 10. Bc1 h6 11. h3 g5 12. Nh2 Be6 13. Nc4 b5 14. Nd2 Rc8 15. Nb1 Qd7 16. c3 Bxh3 17. a4 a6 18. axb5 axb5 19. cxd4 Bxg2 20. Kxg2 Qxd4 21. Ra6 Nb4 22. Be3 Qd7 23. Rxf6 Bxf6 24. Qf3 Qe6 25. Nc3 Bg7 26. Nxb5 Qd7 27. Nc3 Qxd3 28. Nd5 Nxd5 29. exd5 Qg6 30. Rc1 Bf8 31. Qg4 1/2-1/2

[Event "St Denis op 21st"]
[Site "St Denis"]
[Date "2019.10.20"]
[Round "8"]
[White "Fondrat, Johan"]
[Black "Dijoux, Julien"]
[Result "0-1"]
[WhiteElo "1541"]
[BlackElo "1891"]
[PlyCount "54"]
[EventDate "2019.10.20"]
[EventType "swiss"]
[EventRounds "9"]
[EventCountry "RUF"]
[SourceTitle "CBM 192 Extra"]
[Source "Chessbase"]
[SourceDate "2019.11.06"]
[SourceVersion "1"]
[SourceVersionDate "2019.11.06"]
[SourceQuality "1"]

1. e4 c5 2. c3 d5 3. exd5 Qxd5 4. d4 Nc6 5. Nf3 Nf6 6. Be3 cxd4 7. Nxd4 Ng4 8. Nc2 Qxd1+ 9. Kxd1 Bf5 10. Nba3 0-0-0+ 11. Ke1 e5 12. b4 Nxe3 13. Nxe3 Bd3 14. Rd1 Nxb4 15. Nac4 Bxf1 16. Rxd8+ Kxd8 17. Rxf1 Nc6 18. f4 e4 19. Nd2 Bc5 20. Nf5 g6 21. Nh6 Kc7 22. Nxf7 Re8 23. Ng5 e3 24. Nb3 Bf8 25. Nxh7 Bg7 26. c4 e2 27. Rf3 Nb4 0-1

[Event "Reunion op 20th"]
[Site "St Denis"]
[Date "2018.10.21"]
[Round "9"]
[White "Dijoux, Julien"]
[Black "Anilkumar, NR."]
[Result "0-1"]
[WhiteElo "1831"]
[BlackElo "2334"]
[PlyCount "40"]
[EventDate "2018.10.14"]
[EventType "swiss"]
[EventRounds "9"]
[EventCountry "RUF"]
[SourceTitle "CBM 187 Extra"]
[Source "ChessBase"]
[SourceDate "2018.11.04"]
[SourceVersion "1"]
[SourceVersionDate "2018.11.04"]
[SourceQuality "1"]

1. e4 c6 2. d4 d5 3. exd5 cxd5 4. c4 Nf6 5. Nc3 g6 6. Nf3 Bg7 7. Bf4 0-0 8. Rc1 Nc6 9. h3 Bf5 10. a3 Rc8 11. c5 Ne4 12. Be2 Nxc3 13. Rxc3 Be4 14. Be3 b6 15. Ba6 Bxf3 16. gxf3 Rb8 17. Qa4 Nxd4 18. Bxd4 e5 19. c6 exd4 20. c7 Qe8+ 0-1

[Event "Reunion op 20th"]
[Site "St Denis"]
[Date "2018.10.14"]
[Round "1"]
[White "Dijoux, Julien"]
[Black "Ova, Roberto"]
[Result "1-0"]
[WhiteElo "1831"]
[BlackElo "1212"]
[PlyCount "53"]
[EventDate "2018.10.14"]
[EventType "swiss"]
[EventRounds "9"]
[EventCountry "RUF"]
[SourceTitle "CBM 187 Extra"]
[Source "ChessBase"]
[SourceDate "2018.11.04"]
[SourceVersion "1"]
[SourceVersionDate "2018.11.04"]
[SourceQuality "1"]

1. e4 c5 2. Nf3 d6 3. d4 cxd4 4. Nxd4 Nf6 5. Nc3 g6 6. Be3 Bg7 7. f3 0-0 8. Qd2 Re8 9. Bc4 e6 10. Rd1 a6 11. Bb3 d5 12. Nde2 Nc6 13. Bg5 Qd6 14. 0-0 b5 15. exd5 exd5 16. Ne4 Nxe4 17. fxe4 Rf8 18. Qxd5 Qxd5 19. Bxd5 Bg4 20. Bxc6 Bxe2 21. Bxa8 Bxf1 22. Bb7 Be2 23. Rd2 Bg4 24. Bxa6 Ra8 25. Bxb5 Ra5 26. Rd8+ Bf8 27. Bh6 1-0

[Event "Reunion op 17th"]
[Site "St Denis"]
[Date "2015.10.10"]
[Round "5"]
[White "Dijoux, Julien"]
[Black "Mercadal, Theo"]
[Result "1-0"]
[WhiteElo "1908"]
[BlackElo "1143"]
[PlyCount "95"]
[EventDate "2015.10.10"]
[EventType "swiss"]
[EventRounds "9"]
[EventCountry "RUF"]
[SourceTitle "CBM 168 Extra"]
[Source "ChessBase"]
[SourceDate "2015.10.29"]
[SourceVersion "1"]
[SourceVersionDate "2015.10.29"]
[SourceQuality "1"]

1. d4 d5 2. Bf4 Nf6 3. Nf3 Nc6 4. e3 a6 5. a3 e6 6. Nbd2 h6 7. Bd3 Bd6 8. c3 b6 9. Rc1 0-0 10. Bb1 Bb7 11. Qc2 Re8 12. Ne5 Bf8 13. g4 g5 14. Bg3 Bg7 15. Nxc6 Bxc6 16. Be5 Bb7 17. f3 c5 18. Kf1 c4 19. Kg2 b5 20. h3 Kf8 21. Rh2 Ke7 22. Rhh1 Kd7 23. Rcd1 Rh8 24. b3 Ne8 25. Bxg7 Nxg7 26. bxc4 bxc4 27. e4 Qa5 28. Qb2 Rab8 29. Qb4 Qxb4 30. axb4 Bc6 31. Bc2 h5 32. Ra1 Ra8 33. exd5 exd5 34. Rhe1 h4 35. Kf2 f6 36. Nf1 Rhe8 37. Rxe8 Nxe8 38. Ne3 Nc7 39. Bf5+ Ke7 40. Ke2 Nb5 41. Kd2 Kf7 42. Bc2 Bb7 43. Nf5 Ke6 44. Re1+ Kf7 45. Re7+ Kf8 46. Rxb7 Ra7 47. Rxa7 Nxa7 48. Ne3 1-0

[Event "Reunion op 17th"]
[Site "St Denis"]
[Date "2015.10.10"]
[Round "7"]
[White "Dijoux, Julien"]
[Black "Triton, Maxime"]
[Result "1-0"]
[WhiteElo "1908"]
[BlackElo "1605"]
[PlyCount "51"]
[EventDate "2015.10.10"]
[EventType "swiss"]
[EventRounds "9"]
[EventCountry "RUF"]
[SourceTitle "CBM 168 Extra"]
[Source "ChessBase"]
[SourceDate "2015.10.29"]
[SourceVersion "1"]
[SourceVersionDate "2015.10.29"]
[SourceQuality "1"]

1. d4 Nf6 2. Bg5 e6 3. e4 Be7 4. Bxf6 Bxf6 5. e5 Be7 6. Bd3 d5 7. c3 c5 8. Ne2 Nc6 9. Bb5 Bd7 10. Bxc6 Bxc6 11. Nd2 cxd4 12. Nxd4 Qc7 13. f4 a6 14. a4 h6 15. N2f3 Bd7 16. Qe2 0-0-0 17. Kd2 Qc4 18. Qxc4+ dxc4 19. Kc2 Bc5 20. Rhd1 Kc7 21. Nd2 b5 22. Ne4 Be7 23. axb5 Bxb5 24. Nxb5+ axb5 25. Ra7+ Kc6 26. Rxe7 1-0

[Event "Reunion op 14th"]
[Site "St Denis"]
[Date "2012.10.11"]
[Round "7"]
[White "Payet, Jean Claude"]
[Black "Dijoux, Julien"]
[Result "1/2-1/2"]
[WhiteElo "1829"]
[BlackElo "1883"]
[PlyCount "33"]
[EventDate "2012.10.06"]
[EventType "swiss"]
[EventRounds "9"]
[EventCountry "RUF"]
[SourceTitle "EXT 2013"]
[Source "ChessBase"]
[SourceDate "2012.11.22"]
[SourceVersion "1"]
[SourceVersionDate "2012.11.22"]
[SourceQuality "1"]

1. e4 e6 2. d4 d5 3. Nd2 c5 4. c3 Nc6 5. Ne2 Nf6 6. e5 Nd7 7. Nf3 Be7 8. Ng3 Qb6 9. Be2 cxd4 10. cxd4 Bb4+ 11. Kf1 Be7 12. h3 Nf8 13. Kg1 Bd7 14. Kh2 Ng6 15. Qd3 Rc8 16. Nh5 Rg8 17. Bd2 1/2-1/2

[Event "Reunion op 14th"]
[Site "St Denis"]
[Date "2012.10.06"]
[Round "1"]
[White "Rivolo, Anne Claire"]
[Black "Dijoux, Julien"]
[Result "0-1"]
[WhiteElo "1470"]
[BlackElo "1883"]
[PlyCount "30"]
[EventDate "2012.10.06"]
[EventType "swiss"]
[EventRounds "9"]
[EventCountry "RUF"]
[SourceTitle "EXT 2013"]
[Source "ChessBase"]
[SourceDate "2012.11.22"]
[SourceVersion "1"]
[SourceVersionDate "2012.11.22"]
[SourceQuality "1"]

1. e4 c5 2. Nf3 d6 3. c3 g6 4. d4 cxd4 5. cxd4 Bg7 6. Be2 Nf6 7. Nc3 0-0 8. 0-0 Nbd7 9. Bf4 Nh5 10. Nd5 e6 11. Bg5 f6 12. Nxf6+ Bxf6 13. Bxf6 Nhxf6 14. Ng5 Qe7 15. Bc4 Nb6 0-1

[Event "Reunion op 12th"]
[Site "St Denis"]
[Date "2010.10.15"]
[Round "8"]
[White "Gallet, Hadrien"]
[Black "Dijoux, Julien"]
[Result "0-1"]
[WhiteElo "1450"]
[BlackElo "1882"]
[PlyCount "50"]
[EventDate "2010.10.09"]
[EventType "swiss"]
[EventRounds "9"]
[EventCountry "RUF"]
[SourceTitle "CBM 138 Extra"]
[Source "ChessBase"]
[SourceDate "2010.10.29"]
[SourceVersion "1"]
[SourceVersionDate "2010.10.29"]
[SourceQuality "1"]

1. d4 d5 2. c4 e6 3. Nf3 Nf6 4. Bg5 Be7 5. Bxf6 Bxf6 6. Nc3 c6 7. e4 dxe4 8. Nxe4 b6 9. b4 Be7 10. c5 Nd7 11. Be2 Qc7 12. 0-0 Bb7 13. Rc1 Rd8 14. Qc2 h6 15. h4 0-0 16. a4 Rc8 17. Rfe1 Rfd8 18. b5 cxb5 19. axb5 bxc5 20. dxc5 Nxc5 21. Nxc5 Bxc5 22. Bd3 Bxf3 23. gxf3 Qg3+ 24. Kh1 Qxf3+ 25. Kg1 Rxd3 0-1

[Event "Reunion op 11th"]
[Site "St Denis"]
[Date "2009.10.10"]
[Round "1"]
[White "Cazal, Vincent"]
[Black "Dijoux, Julien"]
[Result "0-1"]
[WhiteElo "1250"]
[BlackElo "1833"]
[PlyCount "94"]
[EventDate "2009.10.10"]
[EventType "swiss"]
[EventRounds "9"]
[EventCountry "RUF"]
[SourceTitle "CBM 132 Extra"]
[Source "ChessBase"]
[SourceDate "2009.11.03"]
[SourceVersion "1"]
[SourceVersionDate "2009.11.03"]
[SourceQuality "1"]

1. e4 c5 2. Nc3 d6 3. Bc4 Nc6 4. d3 Nf6 5. h3 a6 6. Nf3 e6 7. Bg5 Be7 8. Bxf6 Bxf6 9. Qd2 Rb8 10. a4 Qa5 11. Ra3 Bd7 12. 0-0 0-0 13. Re1 h6 14. Qf4 Nb4 15. Re2 Qc7 16. e5 dxe5 17. Nxe5 Nc6 18. Ng6 Qxf4 19. Nxf4 Nd4 20. Rd2 Bg5 21. Nce2 Nxe2+ 22. Rxe2 Bxf4 23. g3 Bd6 24. Rd2 b5 25. Bb3 c4 26. dxc4 Bxa3 27. bxa3 bxa4 28. Rxd7 axb3 29. cxb3 Rxb3 30. c5 Rc8 31. Rd6 Rxa3 32. c6 a5 33. Kg2 Rc3 34. h4 R3xc6 35. Rxc6 Rxc6 36. Kf3 a4 37. Kg4 a3 38. f3 g6 39. h5 f5+ 40. Kh4 g5+ 41. Kh3 a2 42. g4 a1Q 43. gxf5 exf5 44. Kg3 f4+ 45. Kg4 Rc5 46. Kh3 Qh1+ 47. Kg4 Qg2# 0-1

[Event "Reunion op 10th"]
[Site "St Denis"]
[Date "2008.10.16"]
[Round "6"]
[White "Benke, Martin"]
[Black "Dijoux, Julien"]
[Result "1/2-1/2"]
[WhiteElo "1943"]
[BlackElo "1764"]
[PlyCount "45"]
[EventDate "2008.10.11"]
[EventType "swiss"]
[EventRounds "9"]
[EventCountry "RUF"]
[SourceTitle "EXT 2009"]
[Source "ChessBase"]
[SourceDate "2008.11.26"]
[SourceVersion "1"]
[SourceVersionDate "2008.11.26"]
[SourceQuality "1"]

1. f4 d5 2. Nf3 c5 3. b3 Nc6 4. Bb2 Bg4 5. e3 e6 6. Bb5 Nge7 7. 0-0 a6 8. Be2 Nf5 9. Ne5 Bxe2 10. Qxe2 Nb4 11. d3 d4 12. Na3 Nxe3 13. Rf3 Nbd5 14. f5 Qf6 15. Nec4 e5 16. Re1 b5 17. Nxe3 Nxe3 18. Bc1 c4 19. Bxe3 dxe3 20. Nb1 cxb3 21. cxb3 Bb4 22. Rc1 Ba5 23. Kh1 1/2-1/2

[Event "Reunion op 10th"]
[Site "St Denis"]
[Date "2008.10.12"]
[Round "3"]
[White "Dijoux, Julien"]
[Black "Lapierre, Christian"]
[Result "1-0"]
[WhiteElo "1764"]
[BlackElo "1490"]
[PlyCount "77"]
[EventDate "2008.10.11"]
[EventType "swiss"]
[EventRounds "9"]
[EventCountry "RUF"]
[SourceTitle "EXT 2009"]
[Source "ChessBase"]
[SourceDate "2008.11.26"]
[SourceVersion "1"]
[SourceVersionDate "2008.11.26"]
[SourceQuality "1"]

1. d4 Nf6 2. c4 d5 3. Nc3 g6 4. Nf3 c6 5. cxd5 cxd5 6. Bf4 Nc6 7. e3 a6 8. a3 Bg7 9. Bd3 0-0 10. 0-0 e6 11. Rc1 h6 12. Qc2 Nh5 13. Bg3 Nxg3 14. hxg3 Bd7 15. Rfd1 Ne7 16. Qd2 Kh7 17. Bb1 b5 18. Qd3 Rb8 19. b4 Qb6 20. g4 Qd8 21. Ne2 Rc8 22. Nf4 Kg8 23. Nh5 Rxc1 24. Rxc1 f5 25. gxf5 exf5 26. Nxg7 Kxg7 27. Ne5 Qe8 28. Rc7 Bc8 29. Qc3 Be6 30. Qc5 Kf6 31. Qd6 Nc8 32. Qxa6 Kg5 33. f4+ Kf6 34. Nd7+ Kg7 35. Nxf8+ Kxf8 36. Qb7 Nd6 37. Qb6 Nc4 38. Qc5+ Kg8 39. Re7 1-0

[Event "Reunion op 09th"]
[Site "Reunion"]
[Date "2007.10.18"]
[Round "5"]
[White "Dalleau, Philippe"]
[Black "Dijoux, Julien"]
[Result "0-1"]
[WhiteElo "1903"]
[BlackElo "1688"]
[PlyCount "58"]
[EventDate "2007.10.14"]
[EventType "swiss"]
[EventRounds "9"]
[EventCountry "RUF"]
[SourceTitle "EXT 2012"]
[Source "ChessBase"]
[SourceDate "2011.11.24"]
[SourceVersion "1"]
[SourceVersionDate "2011.11.24"]
[SourceQuality "1"]

1. Nf3 Nf6 2. g3 d5 3. Bg2 e6 4. 0-0 Be7 5. b3 c5 6. Bb2 Nc6 7. e3 0-0 8. d3 b6 9. Nbd2 Bb7 10. a3 Qc7 11. Re1 Rfd8 12. c3 e5 13. Qc2 Rac8 14. Rac1 h6 15. Qb1 e4 16. Nh4 Ne5 17. dxe4 dxe4 18. Rcd1 Nd3 19. Rf1 Qe5 20. Ba1 g5 21. c4 Qe6 22. Nxe4 Bxe4 23. Bxf6 Bxf6 24. Bxe4 Qxe4 25. Ng2 Qg6 26. Rd2 Ne5 27. Rxd8+ Rxd8 28. Qa2 Nf3+ 29. Kh1 Qh5 0-1

[Event "Reunion op 08th"]
[Site "Etang Sale"]
[Date "2006.10.20"]
[Round "8"]
[White "Dijoux, Julien"]
[Black "Fontaine, Willy"]
[Result "1-0"]
[WhiteElo "1648"]
[BlackElo "1520"]
[PlyCount "79"]
[EventDate "2006.10.14"]
[EventType "swiss"]
[EventRounds "9"]
[EventCountry "FRA"]
[SourceTitle "EXT 2007"]
[Source "ChessBase"]
[SourceDate "2006.11.23"]
[SourceVersion "1"]
[SourceVersionDate "2006.11.23"]
[SourceQuality "1"]

1. e4 d6 2. d4 g6 3. f4 Nf6 4. Bd3 Bg7 5. c3 Bg4 6. Nf3 0-0 7. h3 Bxf3 8. Qxf3 c5 9. Be3 Nc6 10. d5 Nb8 11. Nd2 a6 12. a4 Nbd7 13. g4 e5 14. f5 b5 15. a5 b4 16. c4 h5 17. g5 Nh7 18. h4 f6 19. fxg6 fxg5 20. gxh7+ Kh8 21. Qxh5 Qf6 22. hxg5 Qe7 23. Nf3 Qf7 24. Qxf7 Rxf7 25. Nh4 Nf8 26. Nf5 Rd8 27. Ke2 Ng6 28. Raf1 Rdd7 29. Bc2 Bf8 30. Ba4 Ra7 31. Be8 Rxh7 32. Bxg6 Rxh1 33. Rxh1+ Kg8 34. Nh6+ Bxh6 35. gxh6 Kh8 36. Bg5 Rf7 37. Rf1 Rf4 38. Rxf4 exf4 39. Bf6+ Kg8 40. h7+ 1-0

[Event "Reunion op 08th"]
[Site "Etang Sale"]
[Date "2006.10.15"]
[Round "3"]
[White "Hoareau, Hugues"]
[Black "Dijoux, Julien"]
[Result "1-0"]
[WhiteElo "2009"]
[BlackElo "1648"]
[PlyCount "53"]
[EventDate "2006.10.14"]
[EventType "swiss"]
[EventRounds "9"]
[EventCountry "FRA"]
[SourceTitle "EXT 2007"]
[Source "ChessBase"]
[SourceDate "2006.11.23"]
[SourceVersion "1"]
[SourceVersionDate "2006.11.23"]
[SourceQuality "1"]

1. c4 e5 2. Nc3 Bc5 3. g3 f5 4. Bg2 Nf6 5. a3 d6 6. b4 Bb6 7. e3 c6 8. Bb2 Bc7 9. Nge2 Be6 10. d3 Nbd7 11. b5 Rb8 12. Qc2 d5 13. 0-0 e4 14. dxe4 dxe4 15. bxc6 bxc6 16. Nd4 Bxc4 17. Nxc6 Rxb2 18. Qxb2 Qa8 19. Nd4 Bxf1 20. Bxf1 g6 21. Bc4 Nb6 22. Qb5+ Kd8 23. Ne6+ Kc8 24. Nxc7 Kxc7 25. Qe5+ Kb7 26. Qxf6 Nxc4 27. Qf7+ 1-0

[Event "Reunion-ch"]
[Site "Reunion"]
[Date "2006.02.26"]
[Round "8"]
[White "Faustin, Patrice"]
[Black "Dijoux, Julien"]
[Result "1-0"]
[WhiteElo "1700"]
[BlackElo "1860"]
[PlyCount "87"]
[EventDate "2005.11.26"]
[EventType "swiss"]
[EventRounds "9"]
[EventCountry "RUF"]
[SourceTitle "EXT 2008"]
[Source "ChessBase"]
[SourceDate "2007.11.25"]
[SourceVersion "1"]
[SourceVersionDate "2007.11.25"]
[SourceQuality "1"]

1. e4 e5 2. Nf3 Nc6 3. Bb5 Bc5 4. c3 Nf6 5. d4 exd4 6. cxd4 Bb4+ 7. Nc3 Nxe4 8. Qe2 Qe7 9. Bxc6 Bxc3+ 10. bxc3 bxc6 11. 0-0 Nxc3 12. Qc4 Ne2+ 13. Kh1 a5 14. Re1 Ba6 15. Qa4 Qb4 16. Qxb4 axb4 17. Ng1 0-0 18. Nxe2 Rfe8 19. Be3 Bc4 20. Nc1 Ra6 21. Bd2 Rxe1+ 22. Bxe1 Ra4 23. Rb1 Bxa2 24. Rxb4 Rxb4 25. Bxb4 Bc4 26. f3 f5 27. Kg1 Kf7 28. Ba5 Ke6 29. Bxc7 d6 30. Bb6 Kd5 31. Kf2 c5 32. dxc5 dxc5 33. Ne2 Kc6 34. Ba5 Kb5 35. Bc3 Ka4 36. Bxg7 Kb3 37. Ng3 Be6 38. Ke3 Kc2 39. h4 c4 40. Ne2 Bf7 41. Nd4+ Kd1 42. Nxf5 Bg6 43. Nd6 c3 44. Bxc3 1-0

[Event "Reunion-ch"]
[Site "Reunion"]
[Date "2006.02.05"]
[Round "6"]
[White "Dijoux, Julien"]
[Black "Kourbanhoussen, Kassim"]
[Result "1/2-1/2"]
[WhiteElo "1860"]
[BlackElo "1820"]
[PlyCount "137"]
[EventDate "2005.11.26"]
[EventType "swiss"]
[EventRounds "9"]
[EventCountry "RUF"]
[SourceTitle "EXT 2008"]
[Source "ChessBase"]
[SourceDate "2007.11.25"]
[SourceVersion "1"]
[SourceVersionDate "2007.11.25"]
[SourceQuality "1"]

1. e4 c5 2. Nf3 Nc6 3. Bb5 g6 4. c3 Bg7 5. Bxc6 bxc6 6. d4 cxd4 7. cxd4 Ba6 8. Nc3 e6 9. Bf4 Ne7 10. Qd2 h6 11. Ne5 d6 12. Ng4 g5 13. Bg3 f5 14. exf5 exf5 15. Ne3 f4 16. Bxf4 gxf4 17. Nc2 Rf8 18. 0-0-0 Rb8 19. Rhe1 Rb7 20. Ne4 Bc4 21. Qc3 Bd5 22. Qa3 Bxe4 23. Rxe4 Rf5 24. Rde1 c5 25. Qa4+ Kf8 26. b3 cxd4 27. Nxd4 Rc7+ 28. Kb1 Bxd4 29. Qxd4 Kg8 30. Rxf4 Qc8 31. Rg4+ Rg5 32. Rxg5+ hxg5 33. Qxd6 Qf5+ 34. Ka1 Qxf2 35. Qe5 Qd2 36. Qxc7 Qxe1+ 37. Kb2 Qe2+ 38. Ka3 Qa6+ 39. Kb2 Qe2+ 40. Ka3 Qe3 41. Qc4+ Kg7 42. h4 gxh4 43. Qxh4 Ng6 44. Qh3 Qc5+ 45. Kb2 Ne5 46. Qc3 Qf2+ 47. Ka3 Kf6 48. g4 Qg1 49. g5+ Qxg5 50. Qc5 Qg7 51. Qf2+ Ke6 52. Qe1 Qg5 53. Qc3 Qe7+ 54. Kb2 Qd6 55. Qh3+ Kd5 56. Qg2+ Kc5 57. Qf2+ Kb4 58. a3+ Kb5 59. Qxa7 Qd2+ 60. Kb1 Qd1+ 61. Ka2 Qc2+ 62. Ka1 Qd1+ 63. Ka2 Nd3 64. Qb7+ Kc5 65. Qc7+ Kd4 66. Qd6+ Kc3 67. Qc6+ Kd2 68. Qh6+ Kc3 69. Qc6+ 1/2-1/2